[Event "Cheliabinsk Kibizov Memorial 6th"]
[Site "Cheliabinsk"]
[Date "2011.06.30"]
[Round "7"]
[White "Kuznetsova, Elena V"]
[Black "Inyakin, Gennady"]
[Result "0-1"]
[WhiteElo "2156"]
[BlackElo "1765"]
[PlyCount "92"]
[EventDate "2011.06.24"]
[EventType "swiss"]
[EventRounds "9"]
[EventCountry "RUS"]
[SourceTitle "EXT 2022"]
[Source "ChessBase"]
[SourceDate "2021.10.06"]
[SourceVersion "1"]
[SourceVersionDate "2021.10.06"]
[SourceQuality "1"]

1. e4 e5 2. Nf3 f6 3. Nxe5 fxe5 4. Qh5+ g6 5. Qxe5+ Qe7 6. Qxh8 Nf6 7. d3 d5 8. Bg5 Nbd7 9. g4 Kf7 10. Qxh7+ Nxh7 11. Bxe7 Bxe7 12. exd5 Ne5 13. h3 Nf3+ 14. Kd1 Bc5 15. Bg2 Nh4 16. Be4 Ng5 17. f3 Kg7 18. Nd2 Be3 19. Ke2 Bf4 20. c4 Bd7 21. Rac1 Re8 22. Rc2 Bxd2 23. Kxd2 Nhxf3+ 24. Bxf3 Nxf3+ 25. Kc3 Re3 26. Rf2 c6 27. Rhf1 Ng5 28. h4 Ne4+ 29. Kd4 Nxf2 30. Kxe3 Nxg4+ 31. Kf4 cxd5 32. cxd5 Bf5 33. d4 Kf6 34. Rc1 Nf2 35. Rc7 Nd3+ 36. Kf3 Nxb2 37. Rxb7 Nc4 38. Rxa7 Nd6 39. a4 Be4+ 40. Kf4 Bxd5 41. Ra6 Ke6 42. Kg5 Be4 43. d5+ Ke5 44. Ra5 Nf7+ 45. Kg4 Bf5+ 46. Kg3 Nd6 0-1

[Event "Cheliabinsk-ch"]
[Site "Cheliabinsk"]
[Date "2011.03.06"]
[Round "9"]
[White "Inyakin, Gennady"]
[Black "Protasov, Valery"]
[Result "1-0"]
[WhiteElo "1780"]
[BlackElo "1723"]
[PlyCount "43"]
[EventDate "2011.02.26"]
[EventType "swiss"]
[EventRounds "9"]
[EventCountry "RUS"]
[SourceTitle "CBM 141 Extra"]
[Source "ChessBase"]
[SourceDate "2011.05.03"]
[SourceVersion "1"]
[SourceVersionDate "2011.05.03"]
[SourceQuality "1"]

1. e4 Nc6 2. Ne2 e5 3. c4 Nf6 4. d3 Bc5 5. h3 d6 6. g4 Nd4 7. Ng3 h6 8. Be2 Be6 9. Nc3 a6 10. f4 exf4 11. Bxf4 g5 12. Bd2 Nd7 13. Nh5 Rg8 14. Rf1 Qe7 15. a3 0-0-0 16. b4 Ba7 17. Rb1 c6 18. a4 Kc7 19. Qc1 Rb8 20. b5 axb5 21. cxb5 b6 22. a5 1-0

[Event "Cheliabinsk Sveshnikov 60 op"]
[Site "Cheliabinsk"]
[Date "2010.02.27"]
[Round "4"]
[White "Inyakin, Gennady"]
[Black "Smetanin, Anatoly1111"]
[Result "0-1"]
[WhiteElo "1768"]
[BlackElo "1839"]
[PlyCount "20"]
[EventDate "2010.02.24"]
[EventType "swiss"]
[EventRounds "9"]
[EventCountry "RUS"]
[SourceTitle "EXT 2012"]
[Source "ChessBase"]
[SourceDate "2011.11.24"]
[SourceVersion "1"]
[SourceVersionDate "2011.11.24"]
[SourceQuality "1"]

1. e4 e5 2. Nf3 Nc6 3. Bb5 a6 4. Ba4 Nf6 5. 0-0 b5 6. Bb3 Be7 7. d4 Nxd4 8. Nxd4 exd4 9. Qxd4 c5 10. Qd1 c4 0-1

[Event "Cheliabinsk Sveshnikov 60 op"]
[Site "Cheliabinsk"]
[Date "2010.02.24"]
[Round "1"]
[White "Subbotin, Valery"]
[Black "Inyakin, Gennady"]
[Result "1/2-1/2"]
[WhiteElo "2045"]
[BlackElo "1768"]
[PlyCount "46"]
[EventDate "2010.02.24"]
[EventType "swiss"]
[EventRounds "9"]
[EventCountry "RUS"]
[SourceTitle "EXT 2012"]
[Source "ChessBase"]
[SourceDate "2011.11.24"]
[SourceVersion "1"]
[SourceVersionDate "2011.11.24"]
[SourceQuality "1"]

1. d4 Nf6 2. c4 c5 3. d5 b5 4. cxb5 a6 5. Nc3 g6 6. e4 d6 7. Nf3 Bg7 8. Bd3 0-0 9. 0-0 Nbd7 10. Qe2 Nb6 11. h3 Qc7 12. Be3 Nfd7 13. Rac1 c4 14. Bb1 axb5 15. a3 Na4 16. Rfe1 Ndc5 17. Nd4 Ba6 18. Nc6 e6 19. Nb4 Bb7 20. Red1 Nb3 21. Rc2 Na1 22. Rcc1 Nb3 23. Rc2 Na1 1/2-1/2

[Event "Cheliabinsk-ch 1L op"]
[Site "Cheliabinsk"]
[Date "2010.02.04"]
[Round "8"]
[White "Inyakin, Gennady"]
[Black "Zorin, Yuri"]
[Result "0-1"]
[WhiteElo "1768"]
[BlackElo "1857"]
[PlyCount "42"]
[EventDate "2010.01.??"]
[EventType "swiss"]
[EventRounds "9"]
[EventCountry "RUS"]
[SourceTitle "EXT 2012"]
[Source "ChessBase"]
[SourceDate "2011.11.24"]
[SourceVersion "1"]
[SourceVersionDate "2011.11.24"]
[SourceQuality "1"]

1. e4 e5 2. c3 Nc6 3. d3 Bc5 4. Ne2 d6 5. f3 f5 6. c4 Nf6 7. Nbc3 0-0 8. Bg5 a6 9. Nd5 Nxe4 10. dxe4 Qxg5 11. a3 fxe4 12. h4 Qh6 13. Nec3 exf3 14. gxf3 Be6 15. Be2 Nd4 16. Nxc7 Qe3 17. Rf1 Rxf3 18. Nxe6 Rxf1+ 19. Kxf1 Nxe2 20. Ne4 Qxe4 21. Qe1 Qf3+ 0-1

[Event "Cheliabinsk-ch 1L op"]
[Site "Cheliabinsk"]
[Date "2010.01.28"]
[Round "7"]
[White "Inyakin, Gennady"]
[Black "Gaisin, Nail"]
[Result "0-1"]
[WhiteElo "1768"]
[BlackElo "1863"]
[PlyCount "118"]
[EventDate "2010.01.??"]
[EventType "swiss"]
[EventRounds "9"]
[EventCountry "RUS"]
[SourceTitle "EXT 2012"]
[Source "ChessBase"]
[SourceDate "2011.11.24"]
[SourceVersion "1"]
[SourceVersionDate "2011.11.24"]
[SourceQuality "1"]

1. e4 e6 2. d4 d5 3. Nd2 Nf6 4. Bd3 c5 5. exd5 Qxd5 6. Bb5+ Nbd7 7. Ndf3 cxd4 8. Bxd7+ Bxd7 9. Qxd4 Qh5 10. Ne5 Rd8 11. Ngf3 b6 12. Qf4 Bb5 13. g4 Qh3 14. g5 Be7 15. gxf6 gxf6 16. Qg4 Qxg4 17. Nxg4 f5 18. Nge5 f6 19. c4 Ba6 20. Nc6 Bb7 21. Nxd8 Bxf3 22. Rg1 Kxd8 23. Rg7 a5 24. Be3 Bb4+ 25. Bd2 Bf8 26. Rg3 Be4 27. Be3 Kc7 28. 0-0-0 e5 29. f4 Bh6 30. Rh3 Bg7 31. Rg1 Bf8 32. Rd1 h5 33. Rg3 Bh6 34. Rf1 Kd6 35. fxe5+ Kxe5 36. Bxh6 Rxh6 37. Rg8 Kd4 38. b3 Ke3 39. Rg3+ Kd4 40. Kb2 Rh8 41. Rg7 Rd8 42. a3 Kc5 43. Rf2 Rd1 44. Rc7+ Kd6 45. Rc8 Re1 46. Rd2+ Ke5 47. Rb8 Kf4 48. Rxb6 Ke3 49. Rbd6 f4 50. Ka2 Rc1 51. Rb2 f5 52. Rdd2 f3 53. b4 Rxc4 54. Kb3 Bd3 55. bxa5 Rf4 56. Rxd3+ Kxd3 57. a6 Re4 58. a7 Re8 59. Ka4 Ra8 0-1

[Event "Cheliabinsk Winter op"]
[Site "Cheliabinsk"]
[Date "2009.11.30"]
[Round "1"]
[White "Inyakin, Gennady"]
[Black "Kalinin, Viacheslav"]
[Result "0-1"]
[WhiteElo "1753"]
[BlackElo "2071"]
[PlyCount "50"]
[EventDate "2009.11.30"]
[EventType "swiss"]
[EventRounds "9"]
[EventCountry "RUS"]
[SourceTitle "EXT 2012"]
[Source "ChessBase"]
[SourceDate "2011.11.24"]
[SourceVersion "1"]
[SourceVersionDate "2011.11.24"]
[SourceQuality "1"]

1. e4 d6 2. Bc4 c5 3. f4 g6 4. Nc3 Bg7 5. Nf3 Nc6 6. Be2 Nf6 7. d4 cxd4 8. Nxd4 Nxd4 9. Qxd4 0-0 10. Qd3 Qb6 11. Rb1 Be6 12. Be3 Qa5 13. 0-0 Rac8 14. b3 Nd7 15. Na4 b6 16. Bd1 Nc5 17. Nxc5 dxc5 18. f5 Rcd8 19. Qe2 Bc8 20. Kh1 Bb7 21. Bg5 Rd7 22. Bf4 f6 23. fxg6 Rd4 24. gxh7+ Kh8 25. Bc1 Bxe4 0-1

[Event "Cheliabinsk op 08"]
[Site "Cheliabinsk"]
[Date "2009.08.15"]
[Round "9"]
[White "Inyakin, Gennady"]
[Black "Galiullin, Zif"]
[Result "1-0"]
[WhiteElo "1726"]
[BlackElo "1890"]
[PlyCount "47"]
[EventDate "2009.08.08"]
[EventType "swiss"]
[EventRounds "9"]
[EventCountry "RUS"]
[SourceTitle "CBM 132 Extra"]
[Source "ChessBase"]
[SourceDate "2009.11.03"]
[SourceVersion "1"]
[SourceVersionDate "2009.11.03"]
[SourceQuality "1"]

1. e4 e6 2. d4 d5 3. Nc3 a6 4. Bd3 c5 5. dxc5 Bxc5 6. exd5 exd5 7. Nxd5 Nf6 8. Nxf6+ Qxf6 9. Nf3 0-0 10. 0-0 Bg4 11. h3 Bxf3 12. Qxf3 Qb6 13. b3 Nd7 14. Bxh7+ Kxh7 15. Qf5+ Kg8 16. Qxd7 Rad8 17. Qg4 Bd4 18. Rb1 Rfe8 19. Bb2 Bxb2 20. Rxb2 Qf6 21. Rbb1 Rd2 22. Rbc1 Ree2 23. Qc8+ Kh7 24. Qxb7 1-0

[Event "Cheliabinsk op 08"]
[Site "Cheliabinsk"]
[Date "2009.08.08"]
[Round "1"]
[White "Inyakin, Gennady"]
[Black "Barkov, Alexey"]
[Result "0-1"]
[WhiteElo "1726"]
[BlackElo "2039"]
[PlyCount "48"]
[EventDate "2009.08.08"]
[EventType "swiss"]
[EventRounds "9"]
[EventCountry "RUS"]
[SourceTitle "CBM 132 Extra"]
[Source "ChessBase"]
[SourceDate "2009.11.03"]
[SourceVersion "1"]
[SourceVersionDate "2009.11.03"]
[SourceQuality "1"]

1. c4 Nf6 2. Nc3 c5 3. e4 Nc6 4. d3 d6 5. f4 g6 6. Nf3 Bg7 7. Be2 0-0 8. 0-0 e5 9. fxe5 dxe5 10. Bg5 h6 11. Bh4 b6 12. Nd5 g5 13. Bg3 Qd6 14. h3 Nxd5 15. cxd5 Ne7 16. Rc1 Bd7 17. d4 cxd4 18. Nxd4 Rac8 19. Nb3 Ng6 20. Be1 a5 21. Ba6 Rxc1 22. Nxc1 b5 23. Bxb5 Bxb5 24. Bxa5 Bxf1 0-1

[Event "Cheliabinsk We Remember"]
[Site "Cheliabinsk"]
[Date "2009.06.21"]
[Round "?"]
[White "Inyakin, Gennady"]
[Black "Kaliamin, Andrey A"]
[Result "1-0"]
[WhiteElo "1726"]
[BlackElo "1663"]
[PlyCount "63"]
[EventDate "2009.06.21"]
[EventType "tourn"]
[EventRounds "11"]
[EventCountry "RUS"]
[SourceTitle "EXT 2022"]
[Source "ChessBase"]
[SourceDate "2021.10.06"]
[SourceVersion "1"]
[SourceVersionDate "2021.10.06"]
[SourceQuality "1"]

1. e4 g6 2. d4 d6 3. Nf3 Bg7 4. c3 Nf6 5. Bd3 0-0 6. Nbd2 Nbd7 7. 0-0 Re8 8. Re1 e5 9. Nf1 c6 10. Bg5 Qb6 11. Qd2 Nf8 12. h3 c5 13. dxe5 dxe5 14. Ne3 Qc7 15. Rad1 Be6 16. c4 Nh5 17. Nd5 Bxd5 18. cxd5 Qd6 19. b3 Nd7 20. g3 Rf8 21. Bh6 Nhf6 22. g4 b6 23. Bb5 a6 24. Bc6 Ra7 25. Be3 Nxe4 26. Qc1 Nef6 27. Bh6 e4 28. Bf4 Qe7 29. d6 Qd8 30. Ng5 Nb8 31. Bxe4 Nxe4 32. Nxe4 1-0

[Event "Cheliabinsk Region-ch op"]
[Site "Cheliabinsk"]
[Date "2008.08.19"]
[Round "5"]
[White "Inyakin, Gennady"]
[Black "Zorin, Yuri"]
[Result "0-1"]
[WhiteElo "1678"]
[BlackElo "1898"]
[PlyCount "50"]
[EventDate "2008.08.03"]
[EventType "swiss"]
[EventRounds "9"]
[EventCountry "RUS"]
[SourceTitle "EXT 2022"]
[Source "ChessBase"]
[SourceDate "2021.10.06"]
[SourceVersion "1"]
[SourceVersionDate "2021.10.06"]
[SourceQuality "1"]

1. e4 e5 2. c4 f5 3. Nc3 Nf6 4. exf5 Bc5 5. d3 d6 6. g4 h5 7. Be2 hxg4 8. Bg5 Bxf5 9. Nd5 c6 10. Ne3 Qa5+ 11. Kf1 Bxe3 12. Bxe3 Nbd7 13. a3 d5 14. b4 Qc7 15. Rc1 d4 16. Bg5 0-0-0 17. Qa4 Kb8 18. b5 c5 19. Qd1 e4 20. dxe4 Bxe4 21. f3 gxf3 22. Bxf3 Rxh2 23. Bxe4 Nxe4 24. Bxd8 Ng3+ 25. Ke1 Qe5+ 0-1

[Event "Cheliabinsk CC-ch Seniors"]
[Site "Cheliabinsk"]
[Date "2007.08.21"]
[Round "7"]
[White "Geshelin, Yuri"]
[Black "Inyakin, Gennady"]
[Result "1-0"]
[WhiteElo "2088"]
[BlackElo "1649"]
[PlyCount "95"]
[EventDate "2007.07.29"]
[EventType "tourn"]
[EventRounds "7"]
[EventCountry "RUS"]
[SourceTitle "EXT 2022"]
[Source "ChessBase"]
[SourceDate "2021.10.06"]
[SourceVersion "1"]
[SourceVersionDate "2021.10.06"]
[SourceQuality "1"]

1. d4 d5 2. Nf3 Nf6 3. Bg5 e6 4. Nbd2 c6 5. e4 dxe4 6. Nxe4 Be7 7. Bxf6 Bxf6 8. c3 0-0 9. Bd3 Nd7 10. Qc2 g6 11. h4 Bg7 12. h5 Nf6 13. hxg6 hxg6 14. Neg5 Qe7 15. Ne5 Bd7 16. Bxg6 fxg6 17. Nxg6 Qe8 18. Nxf8 Qxf8 19. Nh7 Qf7 20. Nxf6+ Qxf6 21. Qh7+ Kf8 22. Rh3 Ke7 23. Rf3 Rh8 24. Qxh8 Bxh8 25. Rxf6 Bxf6 26. Ke2 e5 27. dxe5 Bxe5 28. Ke3 Bf5 29. f4 Bf6 30. Rg1 Bg4 31. Ke4 Ke6 32. Rh1 Bf5+ 33. Kf3 a5 34. g4 Bd3 35. f5+ Ke5 36. Rh6 Be4+ 37. Kg3 Bg5 38. Re6+ Kd5 39. Re8 Bb1 40. Rg8 Be7 41. Kf4 Bxa2 42. g5 Kd6 43. Rg6+ Kd7 44. f6 Bd6+ 45. Kg4 Be6+ 46. Kh4 Ke8 47. Rg7 b5 48. g6 1-0